| 000 | 01224cam a2200301 a 4500 | ||
|---|---|---|---|
| 999 |
_c126711 _d126711 |
||
| 001 | 1652606 | ||
| 003 | ARRUPE | ||
| 005 | 20170823152035.0 | ||
| 008 | 970507s1998 enka b 001 0 eng | ||
| 010 | _a 97015814 | ||
| 020 | _a0415131960 (hb) | ||
| 020 | _a0415131960 (pb) | ||
| 040 |
_aDLC _cDLC _dDLC |
||
| 050 | 0 | 0 |
_aGE70 _b.P33 1998 |
| 082 | 0 | 0 |
_a363.7/0071 _221 |
| 100 | 1 |
_aPalmer, Joy, _d1951- _934937 |
|
| 245 | 1 | 0 |
_aEnvironmental education in the 21st century : _btheory, practice, progress and promise / _cJoy A. Palmer. |
| 260 |
_aLondon ; _aNew York : _bRoutledge, _c1997. |
||
| 300 |
_axiv, 284 p. : _bill. ; _c24 cm. |
||
| 504 | _aIncludes bibliographical references and index. | ||
| 650 | 0 |
_aEnvironmental education. _934938 |
|
| 650 | 0 |
_aEnvironmental sciences _xStudy and teaching. _934939 |
|
| 906 |
_a7 _bcbc _corignew _d1 _eocip _f19 _gy-gencatlg |
||
| 942 |
_2lcc _cMONOGRAPH |
||